|
|
|
|
| LEADER |
01069nam a2200289 4500 |
| 001 |
ocn450607523 |
| 003 |
OCoLC |
| 005 |
20180501121924.0 |
| 008 |
020418s1984 ne 001 0 eng d |
| 040 |
|
|
|a FFALJ
|e ppiak
|b slv
|c SILIS
|d OCLCQ
|d OCLCF
|d OCLCO
|d OCL
|d GrThAP
|
| 020 |
|
|
|a 0444903399
|
| 020 |
|
|
|a 9780444903396
|
| 035 |
|
|
|a (OCoLC)450607523
|
| 080 |
|
|
|a 615
|
| 049 |
|
|
|a TEFA
|
| 245 |
0 |
0 |
|a Side effects of drugs annual 8 :
|b a worldwide yearly survey of new data and trends /
|c editor, M.N.G. Dukes ; assistant editor: J. Elis.
|
| 260 |
|
|
|a Amsterdam ;
|a New York ;
|a Oxford :
|b Elsevier,
|c 1984.
|
| 300 |
|
|
|a XXIII, 476 str. ;
|c 25 cm.
|
| 504 |
|
|
|a Kazalo.
|
| 650 |
|
0 |
|a Drugs
|x Periodicals.
|
| 650 |
|
0 |
|a Drugs
|x Side effects.
|
| 650 |
|
7 |
|a Drugs.
|2 fast
|0 (OCoLC)fst00898761
|
| 650 |
|
7 |
|a Drugs
|x Side effects.
|2 fast
|0 (OCoLC)fst00898912
|
| 655 |
|
7 |
|a Periodicals.
|2 fast
|0 (OCoLC)fst01411641
|
| 700 |
1 |
|
|a Dukes, Maurice Nelson Graham.
|4 edt
|
| 700 |
1 |
|
|a Elis, J. ...
|4 edt
|
| 856 |
4 |
0 |
|u https://www.sciencedirect.com/science/bookseries/03786080/8
|z Full Text via HEAL-Link
|